header

Tactical globalization (Record no. 104908)

MARC details
000 -LEADER
fixed length control field 01426nam a2200361Ia 4500
100 1# - MAIN ENTRY--AUTHOR NAME
Personal name Koh, Aaron,
245 10 - TITLE STATEMENT
Title Tactical globalization
260 ## - PUBLICATION, DISTRIBUTION, ETC. (IMPRINT)
Place of publication New York :
Name of publisher Peter Lang,
Year of publication c2010.
300 ## - PHYSICAL DESCRIPTION
Number of Pages 222 p.
650 #0 - SUBJECT ADDED ENTRY--TOPICAL TERM
Topical Term Education and globalization
Topical Term Educational sociology
Topical Term Education and state
Topical Term Culture and globalization
Topical Term Educational change
Topical Term Educational innovations
856 40 - ELECTRONIC LOCATION AND ACCESS
Uniform Resource Identifier http://site.ebrary.com/lib/rucke/Doc?id=10589365

No items available.

© 2026 Rongo University
Contact us: librarian | system librarian | Rongo university